000 00942pam a2200253 a 4500
005 20160210174059.0
008 950918s1996 maua b 001 0 eng
020 _a0878932828 (paper layflat bdg.)
040 _aDLC
_cDLC
_dDLC
_dCO-BoIAVH
041 _aeng
082 0 4 _a573
_bH65m
245 0 0 _aMolecular systematics /
_cedited by David M. Hillis, Craig Moritz, Barbara K. Mable.
250 _aSegunda edición
260 _aSunderland, Mass. :
_bSinauer Associates,
_cc1996.
300 _axvi, 655 páginas :
_bilustraciones (algunas a color) ;
_c26 cm.
504 _aIncluye referencias bibliográficas e índice.
650 2 4 _aBiología
_xAspectos moleculares
650 2 4 _aBiología
_xClasificación
650 2 4 _aBiología molecular
700 1 _aHillis, David M.,
_d1958-,
_eeditor.
700 1 _aMoritz, Craig,
_eeditor.
700 1 _aMable, Barbara K.,
_d1963-
_eeditor.
942 _2ddc
_cLIBRO
999 _c306
_d306